Most Unstable Countries - Statistics

General Stats
  • This quiz has been taken 34 times
  • The average score is 9 of 10
Answer Stats
Hint Answer % Correct
106.7 DR Congo
96%
111.3 Somalia
92%
109.3 Sudan
92%
108.1 Syria
92%
106.6 Yemen
92%
103.9 Afghanistan
88%
109.0 South Sudan
88%
103.9 CAR
83%
102.7 Chad
83%
103.5 Haiti
79%
No matching quizzes found
Score Distribution
Percent of People with Each Score
Percentile by Number Answered
Your Score History
You have not taken this quiz